Equipos con mas champions league Futbol - Estadísticas

Estadísticas generales
  • Esta prueba ha sido intentada 1.478 veces
  • La puntuación promedio es 12 de 15
Estadísticas de respuestas
Hint Respuesta % Correcto
14 Real Madrid
100%
5 Barcelona
99%
7 Milan
98%
6 Bayern
96%
6 Liverpool
96%
3 Manchester United
91%
3 Inter
90%
2 Chelsea
82%
2 Juventus
82%
4 Ajax
80%
2 Nottingham Forest
66%
2 Benfica
64%
1 Borussia Dortmund
58%
2 Oporto
55%
1 Celtic
38%
No se encontraron pruebas coincidentes
Distribución de puntuación
Porcentaje de gente con cada puntuación
Porcentaje por número respondido
Historial de tus puntuaciones
No has intentado esta prueba.